ز با ن و ا د ب (Record no. 167538)

MARC details
000 -LEADER
fixed length control field 00638nam a22001937a 4500
005 - DATE AND TIME OF LATEST TRANSACTION
control field 20190906144545.0
010 ## - LCCN (DPL NO)
LC control number UR-10444
020 ## - INTERNATIONAL STANDARD BOOK NUMBER
Terms of availability 100.00
International Standard Book Number 9789384255213
035 ## - SYSTEM CONTROL NUMBER
System control number U-8999
037 ## - SOURCE OF ACQUISITION
Source of stock number/acquisition DBAD/PUB
Stock number -
082 ## - DEWEY DECIMAL CLASSIFICATION NUMBER
Classification number 440.840
100 ## - MAIN ENTRY--PERSONAL NAME
Personal name شمس تبر يز خا ن
245 ## - TITLE STATEMENT
Title ز با ن و ا د ب
Statement of responsibility, etc شمس تبر يز خا ن
246 ## - VARYING FORM OF TITLE
Remainder of title Zuban-o-Adab (Urdu)
Title proper/short title by Shams Tabrez Khan
260 ## - PUBLICATION, DISTRIBUTION, ETC. (IMPRINT)
Place of publication, distribution, etc Delhi
Name of publisher, distributor, etc Darul Eshaat-e-Mustafai
Date of publication, distribution, etc 2017 ء
270 ## - ADDRESS
Address 3191,Gali Vakil,Kucha Pandit,Lal Kuan
City Delhi
Postal code 110006
Telephone number 23216162
Fax number -
300 ## - PHYSICAL DESCRIPTION
Extent 104ص
Dimensions 22 Cm(Hb)
942 ## - ADDED ENTRY ELEMENTS (KOHA)
Source of classification or shelving scheme Dewey Decimal Classification
Item type Urdu Bks
Classification part 440.840
Call number suffix خ ا ن
Holdings
Withdrawn status Lost status Not for loan Collection code Home library Current library Date acquired Source of acquisition Cost, normal purchase price Full call number Barcode Copy number Cost, replacement price Koha item type
    Not For Loan Non-fiction D.B.Act.Division D.B.Act.Division 06/09/2019 DBAD/PUB 100.00 440.840 خ ا ن U-8999 1 100.00 Urdu Bks

© Delhi Public Library
Hit Counter
free hit counter